Understanding psychology (Record no. 175778)
[ view plain ]
| 000 -LEADER | |
|---|---|
| fixed length control field | 00521nam a2200205Ia 4500 |
| 003 - CONTROL NUMBER IDENTIFIER | |
| control field | OSt |
| 005 - DATE AND TIME OF LATEST TRANSACTION | |
| control field | 20230606110124.0 |
| 008 - FIXED-LENGTH DATA ELEMENTS--GENERAL INFORMATION | |
| fixed length control field | 210423s2007 xx 000 0 und d |
| 040 ## - CATALOGING SOURCE | |
| Transcribing agency | AL |
| 041 ## - LANGUAGE CODE | |
| Language code of text/sound track or separate title | eng |
| 082 ## - DEWEY DECIMAL CLASSIFICATION NUMBER | |
| Classification number | 150 |
| Edition number | 23 |
| Item number | FELU |
| 100 ## - MAIN ENTRY--PERSONAL NAME | |
| Personal name | FELDMAN (Robert S) |
| 9 (RLIN) | 120060 |
| 245 ## - TITLE STATEMENT | |
| Title | Understanding psychology |
| 260 ## - PUBLICATION, DISTRIBUTION, ETC. | |
| Place of publication, distribution, etc. | New Delhi |
| Name of publisher, distributor, etc. | Tata McGrawhill |
| Date of publication, distribution, etc. | 2007 |
| 365 ## - TRADE PRICE | |
| Price amount | 408 |
| Currency code | INR |
| 650 ## - SUBJECT ADDED ENTRY--TOPICAL TERM | |
| Topical term or geographic name entry element | Philosophy |
| 9 (RLIN) | 120061 |
| 650 ## - SUBJECT ADDED ENTRY--TOPICAL TERM | |
| Topical term or geographic name entry element | Psychology |
| 9 (RLIN) | 120062 |
| 906 ## - LOCAL DATA ELEMENT F, LDF (RLIN) | |
| a | psychology. ; Understanding |
| 942 ## - ADDED ENTRY ELEMENTS (KOHA) | |
| Source of classification or shelving scheme | Dewey Decimal Classification |
| Koha item type | Book |
| Withdrawn status | Lost status | Damaged status | Not for loan | Collection code | Home library | Current library | Date acquired | Source of acquisition | Cost, normal purchase price | Total Checkouts | Full call number | Barcode | Date last seen | Date last checked out | Price effective from | Koha item type |
|---|---|---|---|---|---|---|---|---|---|---|---|---|---|---|---|---|
| MSW | St Aloysius PG Library | St Aloysius PG Library | 12/13/2010 | Book World | 408.00 | 1 | 150 FELU | PG022478 | 11/22/2022 | 11/19/2022 | 04/26/2021 | Book |